000
00329nam a22001457a 4500
003
OSt
005
20160727222357.0
008
160622b xxu||||| |||| 00| 0 eng d
040
_c
PENGUIN
100
_9
549
_a
Smith, N
245
_a
Modern Linguistics
260
_a
NEW YORK
_b
PENGUIN
_c
1980
300
_a
Smith, N
942
_2
ddc
_c
BK
999
_c
459
_d
459